[Slovenské kúpeľníctvo v 20. storočí]
Recenzia na monografiu autorky Dariny Eliašovej - Slovenské kúpeľníctvo v 20. storočí. Zaujímavé informácie o vývoji kúpeľníctva na Slovensku v priebehu 20. storočia.
Salvato in:
| Autore principale: | |
|---|---|
| Natura: | Capitolo di libro |
| Lingua: | slovacco |
| Soggetti: | |
| Tags: |
Nessun Tag, puoi essere il primo ad aggiungerne!!
|
MARC
| LEADER | 00000naa$a2200000$$$4500 | ||
|---|---|---|---|
| 001 | 0114762 | ||
| 005 | 20231016073950.3 | ||
| 041 | 0 | |a slo | |
| 044 | |a SK | ||
| 245 | 1 | 0 | |a [Slovenské kúpeľníctvo v 20. storočí] |c Ľubomír Kmeco |
| 520 | |a Recenzia na monografiu autorky Dariny Eliašovej - Slovenské kúpeľníctvo v 20. storočí. Zaujímavé informácie o vývoji kúpeľníctva na Slovensku v priebehu 20. storočia. | ||
| 610 | 2 | 0 | |a kúpeľníctvo |
| 610 | 2 | 0 | |a kúpele |
| 610 | 2 | 0 | |a história |
| 610 | 2 | 0 | |a Slovensko |
| 610 | 2 | 0 | |a recenzie |
| 100 | 1 | |a Kmeco, Ľubomír | |